| 000 | 00746nam a2200205 a 4500 | ||
|---|---|---|---|
| 001 | 000406812 | ||
| 003 | AM-YeHGA | ||
| 005 | 20250618072410.0 | ||
| 008 | 050201s1967 aj |||||r|||||||||1|arm|d | ||
| 040 | _aAM-YeHGA | ||
| 041 | 0 | _aarm | |
| 100 | 1 |
_aՀովհաննիսյան, Արմեն Խաչատուրի, _d1932-2017 _92628 |
|
| 245 | 1 | 0 |
_aՆվագներ հողի / : _b[Բանաստեղծություններ] / _cԱ.Խ. Հովհաննիսյան ; Խմբ.՝ Ս.Գրիգորյան. |
| 260 |
_aԲաքու : _bԱդրբեջանի պետհրատ, _c1967. |
||
| 300 |
_a59 էջ ; _c14 սմ. |
||
| 650 | 1 | 4 |
_aՀայ գրականություն _xՊոեզիա |
| 700 | 1 |
_aԳրիգորյան, Ս. _eխմբ. _4edt |
|
| 942 |
_2udc _cBK |
||
| 090 | _c155983 | ||
| 999 |
_c154585 _d154585 |
||